|
|
|
|
| LEADER |
00000nam a22000007a 4500 |
| 008 |
210122b ||||| |||| 00| 0 eng d |
| 020 |
|
|
|a 978-1-4462-0832-8
|
| 100 |
|
|
|a McLAUGHLIN, Colleen.
|
| 245 |
|
|
|a Therapy with children and young people:
|b integrative counselling in schools and other settings
|c Colleen McLaughlin and Carol Holliday
|g viii, 238p.; ill.
|
| 260 |
|
|
|b Sage
|c 2014
|h Los Angeles: SAGE, 2014
|i 692715
|i 692716
|l RJ505 .M45
|m Child psychotherapy.
|m Child development.
|
| 500 |
|
|
|a “It includes references and index.”
|
| 942 |
|
|
|a lcc
|c BK
|e Adeniran, F. A
|f 22/01/2021
|
| 952 |
|
|
|0 0
|1 0
|2 lcc
|4 0
|6 RJ0505 M45
|7 0
|9 1589
|a HOL
|b ML
|c QZ
|d 2021-01-22
|l 0
|o RJ505 .M45
|p 2021-0377
|r 2021-01-22 00:00:00
|w 2021-01-22
|y BK
|
| 952 |
|
|
|0 0
|1 0
|2 lcc
|4 0
|6 RJ0505 M45
|7 0
|9 1590
|a HOL
|b HOL
|c QZ
|d 2021-01-22
|l 0
|o RJ505 .M45
|p 2021-0378
|r 2021-01-22 00:00:00
|w 2021-01-22
|y BK
|
| 999 |
|
|
|c 840
|d 840
|